Quizzes
Events
Quiz Creation
Community
Videos
Private Events
Remove Ads
Sign In
Join for FREE
Feedback
Dark Mode
Quiz Categories
Sports
Geography
Music
Movies
Television
Just For Fun
Miscellaneous
History
Literature
Language
Science
Gaming
Entertainment
Religion
Holiday
For Kids
Quiz Lab
Recent
Popular Today
Quiz Kudos Today
Editor Picks
Curator Picks
Quizzes by...
Day
Popularity
Type
Ratings
Length
Year
Community
Subscriptions
Recent Discussions
Orange Saloon
Badges
Playlists
Quests
Create
Leaderboards
Showdown
Live 5
Trivia Bingo
Activity
Puzzle Library
Sporcle Events
Private Events
Virtual Trivia
Globe League
Become a Host
Pub Owners
SporcleCon
Opinionation
Our Games
Videos
Blog
Mobile Apps
Partnerships
Remove Ads and Go Orange
Feedback
Music
Pop Music
The Beatles
Song
Album
Lyrics
Bands
Singers
Artist
Clip
Rock
Rap
Classical
Billboard
Country Music
Kpop
Taylor Swift
Music
Pop Music
The Beatles
Song
Album
Lyrics
Bands
Singers
Artist
Clip
Rock
Rap
Classical
Billboard
Country Music
Kpop
Taylor Swift
Random Quiz
Search Sporcle
×
Quiz Lab
Quiz Lab
Music
Gavin
Type in answers that appear in a list
Type in answers that appear in a list
Classic
Best Score? Go Orange.
Not Over You by Gavin Degraw Stats
Can you name the Not Over You by Gavin Degraw?
By
jessie2490
10m
288 Questions
770 Plays
770 Plays
770 Plays
Comments
Comments
Give Quiz Kudos
Give Quiz Kudos
-
- Ratings
hide this ad
Replay
Link that replays current quiz
Next Quiz
Link to next quiz in quiz playlist
You Got
0%
They Got
Avg Score
92%
Avg Friend Score
Upgrade to see
Score Distribution
Jump to the score distribution portion of the page
Score
0/288
Timer
10:00
0
Plays Today
% Correct
you
99.5%
you
99.5%
you
99.5%
you
99.5%
you
99.5%
you
99.5%
You
99.5%
you
99.5%
you
99.5%
you
99.5%
you
99.5%
you
99.5%
you
99.5%
you
99.5%
you
99.5%
you
99.5%
I
99.4%
I
99.4%
a
99.4%
and
99.4%
the
99.4%
a
99.4%
I
99.4%
and
99.4%
I
99.4%
I
99.4%
I
99.4%
and
99.4%
I
99.4%
and
99.4%
I
99.4%
a
99.4%
and
99.4%
the
99.4%
And
99.4%
I
99.4%
and
99.4%
I
99.4%
a
99.4%
and
99.4%
the
99.4%
the
99.4%
I
99.4%
I
99.4%
and
99.4%
I
99.4%
and
99.4%
I
99.4%
a
99.4%
and
99.4%
the
99.4%
I
99.4%
I
99.4%
I
99.4%
and
99.4%
I
99.4%
and
99.4%
I
99.4%
a
99.4%
and
99.4%
the
99.4%
I
99.4%
not
98.2%
not
98.2%
Not
98.2%
not
98.2%
not
98.2%
not
98.2%
not
98.2%
not
98.2%
Not
98.2%
Not
98.2%
Not
98.2%
No
97.9%
No
97.9%
No
97.9%
to
97.8%
to
97.8%
to
97.8%
to
97.8%
to
97.8%
to
97.8%
go
97.3%
I'm
97.3%
I'm
97.3%
go
97.3%
I'm
97.3%
I'm
97.3%
I'm
97.3%
I'm
97.3%
I'm
97.3%
I'm
97.3%
I'm
97.3%
go
97.3%
I'm
97.3%
I'm
97.3%
% Correct
I'm
97.3%
I'm
97.3%
go
97.3%
I'm
97.3%
I'm
97.3%
that
97.1%
that
97.1%
over
97.1%
over
97.1%
that
97.1%
over
97.1%
that
97.1%
over
97.1%
over
97.1%
over
97.1%
over
97.1%
do
96.6%
your
96.5%
face
95.7%
at
95.7%
at
95.7%
face
95.7%
at
95.7%
face
95.7%
at
95.7%
face
95.7%
say
95.6%
say
95.6%
I
95.6%
say
95.6%
say
95.6%
say
95.6%
say
95.6%
say
95.6%
say
95.6%
say
95.6%
for
95.2%
for
95.2%
for
95.2%
on
94.3%
table
94.3%
on
94.3%
table
94.3%
on
94.3%
table
94.3%
sit
94.2%
two
94.2%
sit
94.2%
two
94.2%
sit
94.2%
two
94.2%
see
94%
me
93.9%
set
93.9%
me
93.9%
me
93.9%
me
93.9%
set
93.9%
me
93.9%
set
93.9%
my
93.6%
my
93.6%
my
93.6%
you're
93.4%
truth
93.4%
you're
93.4%
you're
93.4%
truth
93.4%
you're
93.4%
truth
93.4%
down
93.1%
down
93.1%
down
93.1%
just
93%
just
93%
just
93%
If
92.9%
If
92.9%
If
92.9%
mind
92.7%
mind
92.7%
mind
92.7%
ask
92.3%
doin
92.3%
doin
92.3%
fine
92.3%
ask
92.3%
doin
92.3%
doin
92.3%
fine
92.3%
ask
92.3%
doin
92.3%
doin
92.3%
fine
92.3%
how
92.2%
how
92.2%
% Correct
how
92.2%
how
92.2%
out
92.1%
out
92.1%
out
92.1%
have
91.9%
beautiful
91.9%
lie
91.6%
in
91.6%
lie
91.6%
lie
91.6%
We
91.4%
we
91.4%
what
91.3%
what
91.3%
what
91.3%
would
91.2%
would
91.2%
matter
91.2%
matter
91.2%
would
91.2%
would
91.2%
matter
91.2%
would
91.2%
would
91.2%
matter
91.2%
where
90.9%
forced
90.8%
forced
90.8%
forced
90.8%
but
90.6%
But
90.6%
But
90.6%
But
90.6%
But
90.6%
But
90.6%
that's
90.5%
it
90.4%
it
90.4%
it
90.4%
Dreams
89.9%
finally
89.7%
finally
89.7%
finally
89.7%
of
89.5%
picture
88.6%
stare
87.5%
anymore
86.4%
had
86.1%
radio
85.6%
listen
85.2%
then
84.7%
good
84.4%
conversation
83.5%
Hope
83%
hope
83%
there's
83%
girl
82.1%
well
81.6%
admit
81%
both
80.5%
Damn
80.3%
damn
80.3%
is
80.1%
know
79.7%
until
79.5%
were
78.1%
thought
77.9%
it's
77.5%
back
77.3%
than
76.6%
understood
76.4%
innocent
75.8%
Even
75.8%
even
75.8%
better
75.6%
realize
75.3%
old
75.3%
heart
74.9%
hell
74.9%
throw
74.8%
through
74.7%
boomerang
74.7%
game
74.7%
put
74%
much
73.9%
still
73.8%
doesn't
73.6%
took
73.2%
this
73.1%
magnificent
71.9%
without
71.7%
alienation
71.2%
around
69.7%
Turn
69.4%
close
67.5%
Quiz Playlist
Details
Report
Send in Message
Add To Playlist
Classic:
Type in answers that appear in a list
Last Updated: Feb 16, 2017
Quiz Scoreboard
CHALLENGE
Sign Up to Join the Scoreboard
Show All
Scores
Hide
Comments
May contain spoilers
Recently Published
9x9 Crossword: Cartoon Network
by jackfrog10
Miscellaneous
3m
College Basketball Coaching Resumes
by pancakes188
Sports
9m
Billboard Blitz: Fleetwood Mac
by CooCooCachoo
Music
15s
More to Explore
Quiz From the Vault
Featured Blog Post
Where Did the Easter Bunny Come From?
hide this ad
You Might Also Like...
Tags
Gavin
Today's Top Quizzes in Music
Browse Music
hide this ad
Top Contributed Quizzes in Music
1
Taylor Swift All Songs (2024)
2
Guess the Artist- 70s Songs
3
7-to-1: Billboard Hot 100 #1 Hits of 2010s
4
Sorting Albums and Songs
5
Taylor Swift Logic Puzzle
6
KPOP LOGIC QUIZ
7
Guess the Taylor Swift song (Mystery Song)
8
Guess The Taylor Swift Lyrics Song #1
9
Billboard Blitz: ABBA
10
One Thing in Common: Music
Explore More
Trending Topics
Disney
Marvel
Anime
NBA
Harry Potter
Kpop
Crossword
Pokémon
Soccer
The Office
Country
Song
NFL
WWE
Puzzle
hide this ad
More By:
jessie2490
Quiz
Plays
Rating
Category
Featured
Created
Set Fire to the Rain lyrics by Adele
6,475
3.00
Music
Jan 2, 2012
Skyscraper Lyrics by Demi Lovato
6,235
4.56
Music
Apr 4, 2012
Breakaway Lyrics by Kelly Clarkson
2,566
4.75
Music
Mar 8, 2012
Angel of Music Lyrics from Phantom of the Opera
2,338
4.63
Music
May 8, 2013
Part of Me Lyrics by Katy Perry
2,131
3.43
Music
Apr 13, 2012
Go to Creator's Profile
Score Distribution
Quiz Creator Spotlight
jessie2490
Follow
Send a Message
Quizzes Created
-
Created Quiz Play Count
-
More By This Creator
Popular Quizzes Today
1
Find the US States - No Outlines Minefield
2
Find the Countries of Europe - No Outlines Minefield
3
The Countries of the World
4
Find the US States
5
Risky Map Clicking: Biggest States A-Z
6
US States
7
Popular People in 1961
8
Movies - When Are They Set?
More Music Quizzes
'What's Going On' Lyrics
Published
Trending Quizzes
Risky Map Clicking: Least Populous States A-Z
1-10 Letter G Words
1-10 Letter F Words
Risky Map Clicking: Next State Alphabetically
Adjectives in 80s TV Shows
Recently Updated
Leaping Animals
pecheneg
Reality TV Shows (A-Z)
bhenderson79
Rickey Henderson's Hall of Fame Teammates
pecheneg
Champions League XIs: Arsenal
pecheneg
Quick Pick: Celebrities in WWE's Hall of Fame
aduchscher
A-Z Keypad Blitz II
pecheneg
Multiple Oscar Actors
pecheneg
Mystery Phrase Blitz: Oscar 'Best Actors'
pecheneg
F. Scott Fitzgerald Novels
LTH
Pick 3 Villains
ddd62291
Trending Topics
Disney
Crossword
NBA
Anime
Kpop
Harry Potter
Marvel
Pokémon
Country
NFL
Soccer
Puzzle
Song
The Office
WWE
Your Account Isn't Verified!
In order to create a playlist on Sporcle, you need to verify the email address you used during registration. Go to your
Sporcle Settings
to finish the process.
Report this User
Report this user for behavior that violates our
Community Guidelines
.
Details:
Send Report
Go to the Sporcle.com Mobile Site →
Comments